World Darts Championship 2026 - Round of 32 - Statistics

General Stats
  • This quiz has been taken 55 times
  • The average score is 22 of 32
Answer Stats
Match - Match % Correct
Luke Humphries -
100%
Luke Littler - .
100%
Michael van Gerwen -
100%
Gary Anderson -
88%
Gian van Veen -
85%
Stephen Bunting -
82%
Justin Hood -
79%
Ryan Searle -
79%
Krzysztof Ratajski -
76%
Rob Cross -
73%
Jonny Clayton -
70%
Andreas Harrysson -
67%
Josh Rock -
67%
Mensur Suljovic -
67%
Andrew Gilding -
64%
Damon Heta -
64%
Gabriel Clemens -
64%
Martin Schindler -
64%
Nathan Aspinall -
64%
Ricky Evans -
64%
Ricardo Pietreczko -
61%
Wesley Plaisier -
61%
Arno Merk -
58%
Charlie Manby -
58%
Jermaine Wattimena -
58%
Luke Woodhouse -
58%
Ryan Meikle -
58%
Callan Rydz -
55%
Niels Zonneveld -
55%
James Hurrell -
52%
Kevin Doets -
52%
Madars Razma -
39%
No matching quizzes found
Score Distribution
Percent of People with Each Score
Percentile by Number Answered
Your Score History
You have not taken this quiz